Регионална библиотека "Любен Каравелов" - Русе

Избрани творби (Запис номер 205251)

MARC детайли
000 -Лидер
Контролно поле с фиксирана дължина 02096nam a2200385 c 4500
003 - Код на организацията, давaща контролен номер
Контролно поле BLK
005 - Дата и час на последна редакция
Контролно поле 20250603155304.0
008 - Елементи от данни с фиксирана дължина
fixed length control field 180411b bul|||||r ||||||| ||bul||
010 ## - Наследен системен номер
LC control number KNG00214856000
040 ## - Източник на каталожния запис
Идентификатор на билиотеката - собственик на записа BLK
041 ## - Код за език
Код за езика на текст/звукозапис или на отделно заглавие Български
Код за езика КДБФ Български
080 ## - УДК
Текстов определител УДК Френска литература
УДК код - определител по УДК 821.133.1
УДК определител (081)
УДК - код + определител 821.133.1(081)
080 ## - УДК
Текстов определител УДК Френска литература
УДК код - определител по УДК 821.133.1
УДК определител -31
УДК - код + определител 821.133.1-31
080 ## - УДК
Текстов определител УДК Френска литература
УДК код - определител по УДК 821.133.1
УДК определител -32
УДК - код + определител 821.133.1-32
100 1# - Редна дума - Автор
Автор Флобер, Гюстав
Авторска отговорност първи автор
R(LIN) 134422
139 ## - Редно поле
Редна дума Флобер, Гюстав
Авторски знак Фло - Ф 63
245 10 - Сведения за заглавието
Заглавие Избрани творби
Подзаглавни данни В 4 т. За том: Роман
Редно поле (дума) Гюстав Флобер; встъп. статия Богдан Иванов Богданов; прев. на том Пенка Стефанова Пройкова; с послесл. от на том Михаил Димитров Неделчев.
Том Т. 2
Заглавие на том Възпитание на чувствата
257 ## - Страна на издаване
Страна на създаване/издаване Франция
260 ## - Област на издателските данни
-- София
Име на издателя, разпространителя и проч. Нар. култура
Година на издаване 1984 -
Печатница В. Търново : Д. Найденов
300 ## - Физическа характеристика
Размери/Мащаб 21 см
380 ## - Жанр
Жанр Худож. лит.
505 ## - Форматирана забележка
Подзаглавни данни
Авторската отговорност
Заглавие Три новели
653 ## - Ключова дума – ненормативна
Ключова дума романи
653 ## - Ключова дума – ненормативна
Ключова дума новели
700 ## - Други автори (авторска отговорност)
Лично име Богданов, Богдан Иванов
Дати, свързани с автора 1940 - 2016
Друга информация Филолог. Преводач от старогръцки език.
9 (RLIN) 363777
700 1# - Други автори (авторска отговорност)
Лично име Пройкова, Пенка Стефанова
Автороска отговорност (Описва отношението между автора и произведението) прев. на том
9 (RLIN) 372458
700 1# - Други автори (авторска отговорност)
Лично име Неделчев, Михаил Димитров
Автороска отговорност (Описва отношението между автора и произведението) с послесл. от на том
9 (RLIN) 365153
760 1# - Описание на основната серия
Редна дума на основното описание Флобер, Гюстав
Място на издаване, издател и година 1984
Страници - том 576 с.
Забележка - том Ориг. загл. L'education sentimentale ; Trois contes / Gustave Flaubert. - в кн. означено 2. и 4. изд. - 40 125 тир.
Заглавие Т. 2 Възпитание на чувствата
852 ## - Местоположение
Форматна сигнатура Цб 125967
856 4# - Електронен адрес и достъп
Електронен формат pdf - файл
Път до файла /url/
856 4# - Електронен адрес и достъп
Електронен формат pdf - файл
Път до файла /url/
942 ## - АРТИКУЛИ
Вид на библиотечния материал Книги
Скрит в OPAC Не
Koha issues (borrowed), all copies 4
944 ## - СЪЗДАВАНЕ И РЕДАКЦИЯ на ЗАПИСА
Създаване/Редакция Създаване
Дата на регистрацията/редакция 15.12.2017
Статус, дата на статуса Геновева Генчева
Служител, извършил регистрацията/редакцията 30560
944 ## - СЪЗДАВАНЕ И РЕДАКЦИЯ на ЗАПИСА
Създаване/Редакция Редакция
Дата на регистрацията/редакция 22.03.2018
Статус, дата на статуса ф /
Служител, извършил регистрацията/редакцията Кети_Илиева
999 ## - СИСТЕМНИ КОНТРОЛНИ НОМЕРА
Koha biblionumber 205251
Koha biblioitemnumber 205251
Наличности
Код за отписване Код за изгубен артикул Източник на класификационната схема Код за повреда Коз за рестрикции Код за отдаване Артикулен № Име на библиотеката - собственик Име на библиотеката, в която се намира в момента Статус (Текущо местоположение) Дата на вписване в системата Местоположение - отдел Цена в лева Инвентарен номер Систематично азбучна сигнатура Баркод Номер на екземпляра Цена в евро Служебна бележка Служебен тип на артикула
  Не е изгубен Universal Decimal Classification Не е повреден без рестрикции заемане за дома 353459 Регионална библиотека "Любен Каравелов" Русе Регионална библиотека "Любен Каравелов" Русе Заемна - подръчен фонд 2017-12-14 Заемна - подръчен фонд 16.00 120000817876 П 840(081)/Ф 63 120000817876 1 8.18 Дост: DA Вид: А N: 44 Дата: 14.12.2017 Дата инв: 13.02.2018 Бележки инв: П2018 Книги
  Не е изгубен Universal Decimal Classification Не е повреден само за читалня ползва се в читалня 353460 Регионална библиотека "Любен Каравелов" Русе Регионална библиотека "Любен Каравелов" Русе Хранилище 1984-01-01 Хранилище 4.26 410300 Цб 125967 120000410300 2 2.18 Дост: Dp Вид: Д N: стар фонд Дата: 01.01.1984 Книги
Изтеглен Не е изгубен Universal Decimal Classification Не е повреден без рестрикции заемане за дома 353461 Регионална библиотека "Любен Каравелов" Русе Регионална библиотека "Любен Каравелов" Русе Заемна - подръчен фонд 1984-01-01 Заемна - подръчен фонд 4.26 408447 П 840(081)/Ф 63 408447 3 2.18 Дост: Pk Вид: Ф N: стар фонд Дата: 01.01.1984 Дата инв: 16.02.2018 Бележки инв: П2018 Книги
Изтеглен Не е изгубен Universal Decimal Classification Не е повреден без рестрикции заемане за дома 353462 Регионална библиотека "Любен Каравелов" Русе Регионална библиотека "Любен Каравелов" Русе Заемна - подръчен фонд 1984-01-01 Заемна - подръчен фонд 3.00 633976 П 840(081)/Ф 63 633976 4 1.53 Дост: Pk Вид: Ф N: стар фонд Дата: 01.01.1984 Дата инв: 22.03.2018 Бележки инв: П2018 Книги
Vip Innovations Ltd, Rousse, Bulgaria 2025